000 00244nam a22000857a 4500
008 161128b xxu||||| |||| 00| 0 eng d
100 _91483
_aYoung Learners
245 _aEvergreen Moral Stories
260 _aNew Delhi
_bYoung Learners Publication
_c2011
999 _c4208
_d4208